Refining Composition Skills Rhetoric And Grammar, (Record no. 4967)

MARC details
005 - DATE AND TIME OF LATEST TRANSACTION
control field 20250625093323.0
020 ## - INTERNATIONAL STANDARD BOOK NUMBER
International Standard Book Number 0-8384-0223-2
082 ## - DEWEY DECIMAL CLASSIFICATION NUMBER
Classification number 808.042 SMA
100 ## - MAIN ENTRY--PERSONAL NAME
Author name SMALLEY, R. L.
245 ## - TITLE STATEMENT
Title Refining Composition Skills Rhetoric And Grammar,
250 ## - EDITION STATEMENT
Edition statement 5th Ed.
260 ## - PUBLICATION, DISTRIBUTION, ETC.
Place of publication, distribution, etc. New York,
Name of publisher, distributor, etc. Heinle & Heinle Publisher,
Date of publication, distribution, etc. 2000.
300 ## - PHYSICAL DESCRIPTION
Extent xvii.; 430p.;ill,; picture,
Other physical details Index,
Dimensions 25cm.
700 ## - ADDED ENTRY--PERSONAL NAME
Other authors/Editors RUETTEN, M. K., KOZYREV, J. R.
942 ## - ADDED ENTRY ELEMENTS (KOHA)
Source of classification or shelving scheme Dewey Decimal Classification
Koha item type Books
Holdings
Date last seen Total checkouts Full call number Barcode Cost, replacement price Price effective from Koha item type Lost status Source of classification or shelving scheme Damaged status Not for loan Withdrawn status Home library Current library Shelving location Date acquired Cost, normal purchase price
06/25/2025   808.042 SMA DOM0002891 28500.00 06/25/2025 Books   Dewey Decimal Classification       CBE Dodoma CBE Dodoma General Collection 04/09/2009 9500.00
06/25/2025   808.042 SMA DOM0002889 28500.00 06/25/2025 Books   Dewey Decimal Classification       CBE Dodoma CBE Dodoma General Collection 04/09/2009 9500.00
06/26/2025   808.042 SMA DOM0001590 28500.00 06/26/2025 Books   Dewey Decimal Classification       CBE Dodoma CBE Dodoma General Collection 04/09/2009 9500.00